Datum a čas kvízu
36
Celkem bodů
Celkový počet nahraných bodů na tomto kvízu bez doplňovacích otázek.
2.
Pořadí na kvízu
Konečné umístění týmu na tomto kvízu.
Zaznamenané odpovědi
| # | Otázka | Odpověď | Body | Výsledky |
|---|---|---|---|---|
| 1. | Novým generálním ředitelem Čes... | Václav Nebeský | 1 | |
| 2. | Ruská poslankyně Natalja Poklo... | na Krym | 0 | |
| 3. | V noci na pondělí středoevrops... | Hra o trůny, Černobyl | 1 | |
| 4. | V pondělí jsme se dozvěděli, ž... | Thomas Cook | 1 | |
| 5. | Čeští kajakáři i kajakářky zís... | hlídky | 0 | |
| 6. | V tomto tématu se podíváme na... | Vyšehrad, Blaník | 1 | |
| 7. | Kolik procent tuku musí nejmén... | 10 % | 0 | |
| 8. | Kterým slovem na pět písmen by... | nažka | 0 | |
| 9. | Po Bedřichu Smetanovi byl pojm... | Merkur | 0 | |
| 10. | Futuretro, Biorytmy, Kluci kde... | Tata Bojs | 1 |